00327nam a2200121Ia 4500008004100000100003400041245003100075260004500106300000800151650002200159942000700181999001700188190216s9999||||xx |||||||||||||| ||und|| aCheruliyil Kunhunni Nambissan 0aBhasante Moonnu Natakangal bUnited Kingdom Reading Associationc1994 a86p aMalayalam Nadakam cBK c27126d27126